Ariana Grande - Paroles No Tears Left To Cry - Statistiques

Statistiques générales
  • Ce quiz a été pris 68 fois
  • Le résultat moyen est 440 sur 500
Statistiques - réponses
Hint Réponse % Correct
cry
100%
cry)
100%
(Cry)
100%
I
100%
I'm
100%
left
100%
Lovin', I'm livin', so we turnin' up (Mm-hm)Yeah, we turnin' it up
100%
(Mm
100%
(Mm),
100%
no
100%
(Oh,
100%
Oh,
100%
(Oh)
100%
oh)
100%
oh,
100%
(Ooh)
100%
tears
100%
to
100%
(to
100%
up,
100%
up
100%
up)
100%
a
98%
be
98%
now,
98%
Refrain Pickin'
98%
now
98%
pickin'
98%
(Pickin'
98%
Refrain Pickin'
98%
Chorus | Intro Right
98%
So,
98%
so
98%
time
98%
when
98%
it
96%
it,
96%
like
96%
the
96%
wanna
96%
in
94%
of
94%
livin'
92%
livin',
92%
we
92%
(we
92%
We
92%
all
90%
got
90%
lovin',
90%
Lovin',
90%
mind
90%
state
90%
And
88%
And,
88%
ayy)
88%
(Yeah)
88%
yeah)
88%
(Yeah),
88%
(Yeah,
88%
Yeah,
88%
yeah
88%
Yeah
88%
yeah,
88%
you
88%
you,
88%
Ain't
84%
my
82%
Can't
80%
body
78%
your
78%
boy,
76%
shut
76%
Shut
76%
stop
76%
stop,
76%
turnin'
76%
vibin'
76%
vibin',
76%
mouth
73%
Don't
71%
don't
71%
me
71%
(Me)
71%
just
69%
on
69%
where,
69%
with
69%
come
67%
out,
67%
out
67%
want
67%
who
67%
Even
65%
babe
63%
babe,
63%
Pré-chorus Comin'
63%
Bridge Comin'
63%
mentality
63%
here
61%
it's
61%
another
59%
but,
59%
know,
59%
know
59%
Know
59%
what,
59%
down
57%
matter
57%
rainin'
57%
see
57%
'em
55%
'em,
55%
this
55%
too
55%
colors
53%
how,
53%
if
53%
ran
53%
then
53%
Couplet 2 They
47%
way
47%
point
45%
fly
41%
tries
39%
hate
33%
partake
33%
(Mm)
12%
Aucun quiz correspondant
Distribution des résultats
% des personnes avec chaque résultat
Percentile par nombre de réponses
Votre historique - résultats
Vous n’avez pas pris ce quiz